000 00681nam a2200193Ii 4500
003 JO-AjNU
008 230605s9999||||xx |||||||||||||| ||und||
040 _aJO-AjNU
_bara
_erda
_cJO-AjNU
041 _aara
050 1 4 _aLB1025.3.U2286 1990
100 3 _aعبيد، وليم,
_eauthor
_939182
245 0 0 _aرؤى تربوية:المشروع القومي للتعليم(1)إستراتيجية تطوير التعليم 1987-1990
264 3 1 _aالمؤلف:1996
300 _a143ص
336 _atext
_btxt
_2rdacontent
337 _aunmediated
_bn
_2rdamedia
338 _avolume
_bnc
_2rdacarrier
650 4 _aتربية وتعليم-مستقبل-إستراتيجيات
_939183
999 _aA16526
_c20094
_d20094